000 00413pam a2200169 a 4500
020 _a0070044732
040 _cDLC
082 0 0 _a530 HIL 1987 A034 Or.
100 1 _aBeiser, Arthur.
245 1 0 _aConcepts of modern physics /
250 _a4th ed.
260 _aNew York :
_bMcGraw-Hill,
_cc1987.
300 _aviii, 616 p. :
_bill. ;
_c25 cm.
500 _aIncludes index.
650 0 _aPhysics.
942 _cEK
999 _c12758
_d12758